| 000 | 00709 a2200265 4500 | ||
|---|---|---|---|
| 005 | 20260417124829.0 | ||
| 008 | 260417b |||||||| |||| 00| 0 eng d | ||
| 020 |
_a9789386110220 _cRs. 3295.00 |
||
| 040 | _aMAIN | ||
| 082 |
_a305.56 _bS12S |
||
| 100 | _aSobit, R C | ||
| 245 | _aSocial exclusion and inclusion: A journey from past to present | ||
| 260 |
_bJAYA Publishing House _c2025 _aDelhi |
||
| 300 | _axvii, 297 | ||
| 650 | _aSociology | ||
| 650 | _aSocial Groups | ||
| 650 | _aSocial Classes | ||
| 650 | _aSocial Inequality | ||
| 700 | _aRam, R B | ||
| 700 | _aBabu, S Victor | ||
| 700 | _aKrishna, Sangeeta | ||
| 700 | _aVerma, Sudarshan | ||
| 700 | _aSaxena, Priti | ||
| 942 | _cBK | ||
| 999 |
_c394211 _d394211 |
||